[Event "C.to Italiano U16 femminile"]
[Site "Courmayeur ITA"]
[Date "2013.06.30"]
[Round "1"]
[White "Santeramo, Alessia Carmen"]
[Black "Ramundi, Claudia"]
[WhiteElo "1925"]
[BlackElo "1581"]
[Result "1-0"]
[PlyCount "75"]
[EventDate "2013.06.30"]

1. e4 e5 2. Nf3 Nc6 3. Bb5 d6 4. d4 Bd7 5. O-O Nf6 6. Re1 Be7 7. Nc3 O-O 8.
Bxc6 bxc6 9. dxe5 dxe5 10. Nxe5 h6 11. Nxd7 Nxd7 12. Bf4 Re8 13. Qf3 Bd6 14.
Bxd6 cxd6 15. Rad1 Ne5 16. Qg3 Qf6 17. Ne2 Rad8 18. Nf4 g6 19. b3 Kh7 20. h3 g5
21. Nd3 Qg6 22. Nxe5 dxe5 23. Qe3 Ra8 24. Rd7 a5 25. f3 Qe6 26. Red1 Qg6 27.
Qc5 Re6 28. a4 Ree8 29. R1d6 Re6 30. Rxe6 Qxe6 31. Rd6 Qe8 32. Qxc6 Qf8 33. Qd5
Qe8 34. Qc6 Qf8 35. Qd5 Qe8 36. Rd7 Kg7 37. c4 Rb8 38. Rb7 1-0

[Event "C.to Italiano U16 femminile"]
[Site "Courmayeur ITA"]
[Date "2013.06.30"]
[Round "1"]
[White "Santeramo, Cristina"]
[Black "Paolillo, Gaia"]
[WhiteElo "1572"]
[BlackElo "1903"]
[Result "0-1"]
[PlyCount "78"]
[EventDate "2013.06.30"]

1. e4 e5 2. Nf3 Nc6 3. Bc4 Bc5 4. d3 Nf6 5. Nc3 d6 6. Bg5 Be6 7. Nd5 Bxd5 8.
Bxd5 h6 9. Bxf6 Qxf6 10. c3 O-O 11. b4 Bb6 12. a4 a6 13. O-O Nd8 14. a5 Ba7 15.
g3 c6 16. Bb3 Ne6 17. Nh4 Rad8 18. Nf5 d5 19. exd5 cxd5 20. Ne3 Nc7 21. Ng4 Qd6
22. Re1 Rde8 23. Ne3 f5 24. Qf3 e4 25. dxe4 fxe4 26. Qh5 Re5 27. Qd1 Kh8 28.
Nc4 Qe6 29. Nxe5 Bxf2+ 30. Kg2 Bxe1 31. Qxe1 Qxe5 32. Bd1 Nb5 33. Rc1 Rc8 34.
c4 dxc4 35. Be2 e3 36. Qf1 c3 37. Bd3 Qd5+ 38. Kg1 Nd4 39. Qe1 Nf3+ 0-1

[Event "C.to Italiano U16 femminile"]
[Site "Courmayeur ITA"]
[Date "2013.07.01"]
[Round "2"]
[White "Gennaro, Isabella"]
[Black "Santeramo, Alessia Carmen"]
[WhiteElo "1721"]
[BlackElo "1925"]
[Result "0-1"]
[PlyCount "52"]
[EventDate "2013.06.30"]

1. e4 c5 2. Nf3 e6 3. d4 cxd4 4. Nxd4 a6 5. Nc3 Qc7 6. Bd3 Nc6 7. Nf3 b5 8. Ne2
Nf6 9. Bf4 d6 10. h3 Bb7 11. Ng3 Rc8 12. O-O Ne5 13. c3 Be7 14. Nxe5 dxe5 15.
Be3 O-O 16. Kh1 h6 17. Qe2 Bc5 18. Bd2 Bd6 19. Nh5 Qe7 20. f4 Nxh5 21. Qxh5
exf4 22. e5 f3 23. Rxf3 Bxf3 24. gxf3 Bc5 25. h4 f5 26. Qg6 Qxh4+ 0-1

[Event "C.to Italiano U16 femminile"]
[Site "Courmayeur ITA"]
[Date "2013.07.01"]
[Round "2"]
[White "Paolillo, Gaia"]
[Black "Lantschner, Carmen"]
[WhiteElo "1903"]
[BlackElo "1665"]
[Result "1-0"]
[PlyCount "91"]
[EventDate "2013.06.30"]

1. e4 g6 2. d4 Bg7 3. f4 d6 4. Nf3 Nf6 5. Bd3 O-O 6. O-O b6 7. c3 Bb7 8. Qe1
Re8 9. e5 Nfd7 10. e6 Nf8 11. exf7+ Kxf7 12. f5 Kg8 13. fxg6 hxg6 14. Bxg6 e6
15. Ng5 Nxg6 16. Qe2 Nd7 17. Qh5 Ngf8 18. Nf7 Qe7 19. Bg5 Nf6 20. Nh6+ Kh8 21.
Bxf6 Bxf6 22. Rxf6 Qg7 23. Nf5+ Qh7 24. Rh6 exf5 25. Rxh7+ Nxh7 26. Nd2 Rg8 27.
Nf3 Rg7 28. Re1 Rag8 29. Re2 Ba6 30. Rd2 Re7 31. h4 Rgg7 32. Ng5 Re1+ 33. Kh2
Kg8 34. Nxh7 Rxh7 35. Qg5+ Rg7 36. Qxf5 Rf7 37. Qg5+ Rg7 38. Qf4 Ree7 39. h5
Ref7 40. Qh4 Bc8 41. Re2 Ba6 42. Re8+ Rf8 43. Rxf8+ Kxf8 44. Qd8+ Kf7 45. Qxc7+
Kf6 46. Qxd6+ 1-0

[Event "C.to Italiano U16 femminile"]
[Site "Courmayeur ITA"]
[Date "2013.07.01"]
[Round "3"]
[White "Lazzarini, Sabrina"]
[Black "Paolillo, Gaia"]
[WhiteElo "1801"]
[BlackElo "1903"]
[Result "0-1"]
[PlyCount "52"]
[EventDate "2013.06.30"]

1. e4 e5 2. d4 exd4 3. Qxd4 Nc6 4. Qe3 g6 5. Bd2 Bg7 6. Nc3 Nge7 7. O-O-O O-O
8. Bc4 d6 9. f4 a6 10. h4 b5 11. Bb3 Bg4 12. Nge2 Na5 13. Qg3 h5 14. Rhf1 Nxb3+
15. axb3 b4 16. Rde1 bxc3 17. Nxc3 d5 18. exd5 Nxd5 19. Ne4 Bf5 20. Qf3 Re8 21.
Ng5 Qd7 22. Ne4 a5 23. Nc5 Qc6 24. Nd3 Rxe1+ 25. Rxe1 a4 26. bxa4 Qxa4 0-1

[Event "C.to Italiano U16 femminile"]
[Site "Courmayeur ITA"]
[Date "2013.07.01"]
[Round "3"]
[White "Santeramo, Alessia Carmen"]
[Black "Colantuono, Virginia"]
[WhiteElo "1925"]
[BlackElo "1853"]
[Result "1/2-1/2"]
[PlyCount "37"]
[EventDate "2013.06.30"]

1. e4 c5 2. Nf3 d6 3. Bb5+ Bd7 4. Bxd7+ Qxd7 5. O-O Nf6 6. e5 dxe5 7. Nxe5 Qc7
8. d4 e6 9. Nc3 a6 10. Nf3 cxd4 11. Qxd4 Nc6 12. Qa4 Rd8 13. Bf4 Bd6 14. Bxd6
Rxd6 15. Ne4 Nxe4 16. Qxe4 h6 17. Rad1 Rxd1 18. Rxd1 O-O 19. c3 1/2-1/2

[Event "C.to Italiano U16 femminile"]
[Site "Courmayeur ITA"]
[Date "2013.07.02"]
[Round "4"]
[White "Miracola, Giorgia"]
[Black "Santeramo, Alessia Carmen"]
[WhiteElo "1882"]
[BlackElo "1925"]
[Result "1/2-1/2"]
[PlyCount "60"]
[EventDate "2013.06.30"]

1. e4 c5 2. Nf3 d6 3. d4 cxd4 4. Nxd4 Nf6 5. Nc3 g6 6. Be3 Bg7 7. f3 Nc6 8. Qd2
O-O 9. O-O-O d5 10. Nxc6 bxc6 11. exd5 cxd5 12. Nxd5 Nxd5 13. Qxd5 Qc7 14. Qc5
Qb7 15. Qa3 Be6 16. Bd3 Rab8 17. b3 Qc7 18. Qc5 Qe5 19. Qxe5 Bxe5 20. Ba6 Bd6
21. Kd2 Bc8 22. Bc4 a5 23. a4 Bd7 24. Ke2 Rfc8 25. Bf4 Bxf4 26. Rxd7 Bd6 27.
Ra7 Rc5 28. f4 Kf8 29. g3 h5 30. Rf1 f6 1/2-1/2

[Event "C.to Italiano U16 femminile"]
[Site "Courmayeur ITA"]
[Date "2013.07.02"]
[Round "4"]
[White "Paolillo, Gaia"]
[Black "Guerini, Silvia jr"]
[WhiteElo "1903"]
[BlackElo "1776"]
[Result "1-0"]
[PlyCount "49"]
[EventDate "2013.06.30"]

1. e4 c6 2. d4 d5 3. f3 dxe4 4. fxe4 e5 5. Nf3 Bg4 6. Bc4 Bxf3 7. Qxf3 Qh4+ 8.
g3 Qf6 9. Qb3 Qe7 10. O-O Nf6 11. dxe5 Qxe5 12. Bxf7+ Kd8 13. Be3 Qxe4 14. Nd2
Qe7 15. Rfe1 Qc7 16. Rad1 Nbd7 17. Nc4 Kc8 18. Bf4 Bc5+ 19. Kg2 Qd8 20. Nd6+
Bxd6 21. Rxd6 Qb6 22. Qd3 Nc5 23. Qf5+ Ncd7 24. Be6 Qd8 25. Red1 1-0

[Event "C.to Italiano U16 femminile"]
[Site "Courmayeur ITA"]
[Date "2013.07.03"]
[Round "5"]
[White "Guerini, Silvia jr"]
[Black "Colantuono, Virginia"]
[WhiteElo "1776"]
[BlackElo "1853"]
[Result "0-1"]
[PlyCount "72"]
[EventDate "2013.06.30"]

1. e4 c5 2. Nc3 Nc6 3. f4 g6 4. Nf3 Bg7 5. Bc4 e6 6. O-O Nge7 7. d3 d5 8. Bb3
O-O 9. Qe1 a6 10. a4 b6 11. Qh4 Nd4 12. Nxd4 cxd4 13. Ne2 dxe4 14. dxe4 Nc6 15.
Qf2 Na5 16. e5 Nxb3 17. cxb3 d3 18. Rd1 Qd5 19. Nd4 f6 20. exf6 Bxf6 21. Rxd3
e5 22. fxe5 Bxe5 23. Qe3 Rd8 24. Qe2 Bxd4+ 25. Kh1 Bf5 26. Rd1 Re8 27. Qf1 Qc5
28. Bh6 Bxb2 29. Ra2 Bg7 30. Rc1 Qe7 31. Bf4 Rac8 32. Rd1 Rc2 33. Rxc2 Bxc2 34.
Rc1 Qe2 35. Qg1 Bb2 36. Rf1 Bd4 0-1

[Event "C.to Italiano U16 femminile"]
[Site "Courmayeur ITA"]
[Date "2013.07.03"]
[Round "5"]
[White "Santeramo, Alessia Carmen"]
[Black "Paolillo, Gaia"]
[WhiteElo "1925"]
[BlackElo "1903"]
[Result "1-0"]
[PlyCount "91"]
[EventDate "2013.06.30"]

1. e4 e5 2. Nf3 Nc6 3. Bb5 Nge7 4. O-O g6 5. c3 Bg7 6. d4 exd4 7. cxd4 d5 8.
exd5 Nxd5 9. Bg5 Qd6 10. Re1+ Be6 11. Nbd2 O-O 12. Ne4 Qb4 13. Bxc6 bxc6 14.
Qc1 Qb6 15. Nc5 Rfe8 16. Ne5 Nf6 17. b3 Rad8 18. Bxf6 Bxf6 19. Ne4 Bg7 20. Nxc6
Ra8 21. Qc5 f5 22. Qxb6 axb6 23. Ng5 Bd5 24. Ne7+ Rxe7 25. Rxe7 Bf6 26. Rd7
Bxb3 27. Nf3 c5 28. Rd6 Kg7 29. Rxb6 c4 30. Rb7+ Kh6 31. a4 g5 32. a5 Rc8 33.
a6 g4 34. Ne5 c3 35. Rxb3 Bxe5 36. dxe5 c2 37. Rbb1 cxb1=Q+ 38. Rxb1 f4 39. a7
Ra8 40. Ra1 Kg6 41. h3 gxh3 42. gxh3 Kf5 43. Ra5 h5 44. Kg2 Rg8+ 45. Kf3 Ra8
46. h4 1-0

[Event "C.to Italiano U16 femminile"]
[Site "Courmayeur ITA"]
[Date "2013.07.03"]
[Round "6"]
[White "Lazzarini, Sabrina"]
[Black "Santeramo, Alessia Carmen"]
[WhiteElo "1801"]
[BlackElo "1925"]
[Result "0-1"]
[PlyCount "54"]
[EventDate "2013.06.30"]

1. e4 c5 2. Nc3 Nc6 3. g3 g6 4. Bg2 Bg7 5. d3 Rb8 6. Be3 b5 7. Qd2 b4 8. Nd1 d6
9. Ne2 e6 10. f4 Nge7 11. O-O O-O 12. h3 f5 13. e5 dxe5 14. Bxc5 e4 15. d4 Rf7
16. Ne3 Ba6 17. Rfd1 Nd5 18. c3 bxc3 19. bxc3 Rfb7 20. Rac1 Rb2 21. Nc2 Bxe2
22. Qxe2 Nxc3 23. Qc4 Nxd1 24. Qxe6+ Kh8 25. Qxc6 Nc3 26. Bf1 Nxa2 27. Qa4 Nxc1
0-1

[Event "C.to Italiano U16 femminile"]
[Site "Courmayeur ITA"]
[Date "2013.07.03"]
[Round "6"]
[White "Paolillo, Gaia"]
[Black "Colantuono, Virginia"]
[WhiteElo "1903"]
[BlackElo "1853"]
[Result "1/2-1/2"]
[PlyCount "181"]
[EventDate "2013.06.30"]

1. e4 c5 2. Nf3 d6 3. d4 cxd4 4. Qxd4 a6 5. c4 Nc6 6. Qd2 g6 7. b3 Bg7 8. Bb2
Nf6 9. Nc3 O-O 10. h3 Nd7 11. Bd3 Nc5 12. Bb1 a5 13. Nb5 Bxb2 14. Qxb2 a4 15.
b4 Nd7 16. a3 Nde5 17. Nd2 Be6 18. Qc3 Rc8 19. O-O Qb6 20. Ba2 Nxc4 21. Nxc4
Qxb5 22. Ne3 Ne5 23. Qd4 Bxh3 24. Nd5 Qe8 25. f4 Nc6 26. Qd1 Be6 27. Nb6 Bxa2
28. Rxa2 Rd8 29. f5 Ne5 30. Nd5 Qb5 31. Nxe7+ Kh8 32. f6 Qd3 33. Qe1 Ng4 34.
Qh4 Qe3+ 35. Kh1 Qh6 36. Qxh6 Nxh6 37. Rd2 Rd7 38. e5 Rfd8 39. Rfd1 Ng4 40.
exd6 Nxf6 41. b5 Ne4 42. Nc6 bxc6 43. bxc6 Rxd6 44. c7 Rc8 45. Rxd6 Nxd6 46.
Rxd6 Rxc7 47. Rd4 Ra7 48. Kh2 Kg7 49. Kg3 Kf6 50. Kf3 Ke5 51. Rb4 f5 52. g3 Ra6
53. Ke3 g5 54. Rb5+ Kf6 55. Rb4 h5 56. Kf3 Ke6 57. Ke3 Kf6 58. Kf3 Kg6 59. Rc4
Kf6 60. Rb4 Ke5 61. Rb5+ Ke6 62. Rb4 Ra5 63. Rd4 Ke5 64. Rb4 Kd5 65. Ke3 Kc5
66. Kf3 Ra8 67. Kf2 Ra5 68. Kf3 Kd5 69. Ke3 Ke5 70. Kf3 g4+ 71. Ke3 Ra6 72.
Rb5+ Ke6 73. Rb4 Ra5 74. Kf4 Kf6 75. Rb6+ Ke7 76. Rb7+ Ke6 77. Rb6+ Ke7 78.
Rb7+ Kd6 79. Rb6+ Kc7 80. Rb4 Kc6 81. Kg5 Rc5 82. Rxa4 Rc3 83. Kh4 Kb5 84. Ra8
f4 85. gxf4 Rh3+ 86. Kg5 g3 87. Rb8+ Ka4 88. Rb1 Rh2 89. f5 h4 90. Rg1 Rf2 91.
Kxh4 1/2-1/2

[Event "C.to Italiano U16 femminile"]
[Site "Courmayeur ITA"]
[Date "2013.07.04"]
[Round "7"]
[White "Gennaro, Isabella"]
[Black "Paolillo, Gaia"]
[WhiteElo "1721"]
[BlackElo "1903"]
[Result "0-1"]
[PlyCount "134"]
[EventDate "2013.06.30"]

1. e4 e5 2. Nf3 Nc6 3. Bb5 Nge7 4. Nc3 g6 5. h4 Bg7 6. h5 d5 7. exd5 Nxd5 8.
Ne4 Qe7 9. d3 Bd7 10. a3 gxh5 11. Bg5 f6 12. Be3 Nxe3 13. fxe3 O-O-O 14. Nc3 f5
15. e4 f4 16. Bxc6 Bxc6 17. Rxh5 Be8 18. Rh1 h5 19. Qd2 Qe6 20. O-O-O Rg8 21.
Nd5 c6 22. Nc3 Bf6 23. Rh3 Bf7 24. Qf2 Kb8 25. Nd2 Rg7 26. Nb3 Rdg8 27. Rh2 Rg4
28. d4 Qe7 29. d5 cxd5 30. Nxd5 Bxd5 31. Rxd5 h4 32. Nc5 Rd8 33. Rxd8+ Qxd8 34.
Qe2 Qc8 35. Qb5 Rg7 36. Na6+ Ka8 37. Nb4 Qd7 38. Qc5 Rg8 39. Nd5 Bg5 40. Nc7+
Kb8 41. Nb5 b6 42. Qxe5+ Ka8 43. Nc7+ Kb7 44. Ne6 Bh6 45. Kb1 Re8 46. Qd5+ Qc6
47. Nd8+ Rxd8 48. Qxd8 Qxe4 49. Qd7+ Ka6 50. Qd3+ Qxd3 51. cxd3 Bg5 52. Kc2 Kb5
53. Kb3 Kc5 54. Kc2 Kd4 55. Kd2 f3+ 56. Ke1 Kxd3 57. gxf3 Ke3 58. Rh3 Bf4 59.
Rxh4 Bg3+ 60. Kd1 Bxh4 61. Kc2 Kxf3 62. b4 Ke4 63. Kb3 b5 64. a4 bxa4+ 65. Kxa4
Bf2 66. b5 Kd5 67. Ka5 Bb6+ 0-1

[Event "C.to Italiano U16 femminile"]
[Site "Courmayeur ITA"]
[Date "2013.07.04"]
[Round "7"]
[White "Guerini, Silvia jr"]
[Black "Santeramo, Alessia Carmen"]
[WhiteElo "1776"]
[BlackElo "1925"]
[Result "0-1"]
[PlyCount "68"]
[EventDate "2013.06.30"]

1. e4 c5 2. Na3 Nc6 3. Bb5 g6 4. c3 Bg7 5. d3 a6 6. Bxc6 bxc6 7. f4 d5 8. e5
Nh6 9. Nf3 Bg4 10. O-O Qb6 11. Kh1 Nf5 12. Qe1 Bxf3 13. Rxf3 h5 14. Rb1 O-O 15.
Nc2 Qa5 16. a3 Rfb8 17. b4 Qc7 18. Be3 cxb4 19. axb4 Bf8 20. Bc5 e6 21. Bxf8
Kxf8 22. Rf1 c5 23. bxc5 Qxc5 24. Rxb8+ Rxb8 25. Qa1 a5 26. Rc1 Qf2 27. Qxa5
Nh4 28. Rg1 Qxc2 29. Qc5+ Kg8 30. Qc7 Qb2 31. c4 dxc4 32. dxc4 Qb7 33. Qa5 Qc6
34. c5 Nxg2 0-1

[Event "C.to Italiano U16 femminile"]
[Site "Courmayeur ITA"]
[Date "2013.07.05"]
[Round "8"]
[White "Paolillo, Gaia"]
[Black "Miracola, Giorgia"]
[WhiteElo "1903"]
[BlackElo "1882"]
[Result "1-0"]
[PlyCount "29"]
[EventDate "2013.06.30"]

1. e4 c5 2. b3 d6 3. Bb2 Nc6 4. Nf3 e6 5. Bd3 Nf6 6. O-O Be7 7. e5 dxe5 8. Nxe5
Nxe5 9. Bxe5 O-O 10. Nc3 b6 11. Qf3 Nd5 12. Nxd5 exd5 13. Rfe1 Bb7 14. Bxg7
Kxg7 15. Qg4+ 1-0

[Event "C.to Italiano U16 femminile"]
[Site "Courmayeur ITA"]
[Date "2013.07.05"]
[Round "8"]
[White "Santeramo, Alessia Carmen"]
[Black "Santeramo, Cristina"]
[WhiteElo "1925"]
[BlackElo "1572"]
[Result "1-0"]
[PlyCount "81"]
[EventDate "2013.06.30"]

1. e4 c5 2. Nf3 Nc6 3. Nc3 a6 4. d4 cxd4 5. Nxd4 e5 6. Nf5 d6 7. Ne3 Nf6 8.
Ned5 Be6 9. Be3 Rc8 10. Nb6 Rb8 11. Be2 Be7 12. O-O O-O 13. a4 Nd7 14. Ncd5
Nxb6 15. Bxb6 Qd7 16. c4 f5 17. exf5 Rxf5 18. Bg4 Rg5 19. Bxe6+ Qxe6 20. Qe2
Qh3 21. f4 exf4 22. Rxf4 Re5 23. Qf2 Qe6 24. Rf1 h6 25. Rf7 Bg5 26. Rc7 Qg6 27.
Qf7+ Kh7 28. Qxg6+ Kxg6 29. Rd7 Re6 30. b3 Ne7 31. Nc7 Be3+ 32. Bxe3 Rxe3 33.
Rxd6+ Kh7 34. Re6 Rxe6 35. Nxe6 Re8 36. Nc5 Nc6 37. Nxb7 Nd4 38. b4 Rb8 39. Rf7
Ne2+ 40. Kf2 Nc3 41. a5 1-0

[Event "C.to Italiano U16 femminile"]
[Site "Courmayeur ITA"]
[Date "2013.07.06"]
[Round "9"]
[White "Arbore, Federica"]
[Black "Paolillo, Gaia"]
[WhiteElo "1566"]
[BlackElo "1903"]
[Result "0-1"]
[PlyCount "74"]
[EventDate "2013.06.30"]

1. e4 e5 2. Nf3 Nc6 3. d4 exd4 4. Nxd4 Bc5 5. Nb3 Bb6 6. Nc3 d6 7. Qe2 Be6 8.
Nd5 Qd7 9. Bf4 O-O-O 10. O-O-O f6 11. Nxb6+ axb6 12. Qe3 Qe7 13. f3 h5 14. Qc3
Kb8 15. Bb5 Bd7 16. Rhe1 Qf7 17. Bxc6 Bxc6 18. a3 Ne7 19. Nd4 Bd7 20. Kb1 Rhe8
21. Bg3 Nc6 22. Nb5 Be6 23. b3 Rd7 24. f4 f5 25. e5 dxe5 26. fxe5 Red8 27. Rxd7
Rxd7 28. Kc1 Rd5 29. a4 Rc5 30. Qe3 Nb4 31. Qd4 Nxc2 32. Qd8+ Bc8 33. e6 Nxe1+
34. Kd1 Qxe6 35. Nxc7 Qxb3+ 36. Kxe1 Qe3+ 37. Kf1 Rc1+ 0-1

[Event "C.to Italiano U16 femminile"]
[Site "Courmayeur ITA"]
[Date "2013.07.06"]
[Round "9"]
[White "Santeramo, Alessia Carmen"]
[Black "Caldi, Irene"]
[WhiteElo "1925"]
[BlackElo "1705"]
[Result "1-0"]
[PlyCount "65"]
[EventDate "2013.06.30"]

1. e4 e5 2. Nf3 Nc6 3. Bb5 a6 4. Ba4 Nf6 5. O-O b5 6. Bb3 Be7 7. Re1 d6 8. c3
O-O 9. h3 Nb8 10. d4 Nbd7 11. Nbd2 c5 12. Nf1 c4 13. Bc2 Re8 14. Ng3 a5 15. Nf5
Bf8 16. dxe5 Nxe5 17. N3d4 Bxf5 18. Nxf5 Ng6 19. Qd4 Ra6 20. Bg5 Re6 21. a4 Qb6
22. Qxb6 Rxb6 23. Nd4 Re8 24. axb5 Ra8 25. Bxf6 gxf6 26. Ra4 Ne5 27. f4 Nd3 28.
Bxd3 cxd3 29. Rd1 Re8 30. Rxd3 Rxe4 31. Rxa5 Rb8 32. g3 d5 33. b4 1-0